00494cam a22001692 4500001001100000005001700011008004100028020002600069040001500095050002200110245004800132250001200180260004900192300001800241500001700259650004800276000000211220151217161130.0070402s xx 000 0 eng d a0582776481 :cKES 750 aKABUcKABU 0aPE1628b.L66 200310aLongman dictionary of contemporary English. aNew ed. aHarlow, England :bPearson Education,c2003. axvii, 1949 p. awith CD ROM. 0aEnglish languagevDictionaries.@0000148334